<?xml version="1.0" encoding="UTF-8"?>
<collection xmlns="http://www.loc.gov/MARC21/slim">
 <record>
  <leader>00978nam a22002295a 4500</leader>
  <controlfield tag="001">CEM.cems017584</controlfield>
  <controlfield tag="005">20110517121916.0</controlfield>
  <controlfield tag="008">130507s1987##################000#0#####d</controlfield>
  <controlfield tag="003">CEMS</controlfield>
  <datafield tag="020" ind1=" " ind2=" ">
   <subfield code="a">8471141736</subfield>
  </datafield>
  <datafield tag="082" ind1="0" ind2="4">
   <subfield code="a">638.1</subfield>
  </datafield>
  <datafield tag="100" ind1="1" ind2=" ">
   <subfield code="a">Ortega Sada, José Luis</subfield>
  </datafield>
  <datafield tag="245" ind1="1" ind2="0">
   <subfield code="a">Flora de interés apícola y polinazación de cultivos /</subfield>
   <subfield code="c">José Luis Ortega Sada</subfield>
  </datafield>
  <datafield tag="260" ind1=" " ind2=" ">
   <subfield code="a">Madrid :</subfield>
   <subfield code="b">Mundi-prensa,</subfield>
   <subfield code="c">1987</subfield>
  </datafield>
  <datafield tag="300" ind1=" " ind2=" ">
   <subfield code="a">149 p.</subfield>
  </datafield>
  <datafield tag="500" ind1=" " ind2=" ">
   <subfield code="a">Glosario de términos botánicosglosario de nombres vulgares en español, catalán, gallego, valenciano y vascuence</subfield>
  </datafield>
  <datafield tag="505" ind1="0" ind2=" ">
   <subfield code="a">La polinización de las plantas entomófilas - Flora espontánea que motiva la tashumancia -- La polinización de los cultivos -- Epocas de floración -- Descripción botánica de las especies de interés apícola</subfield>
  </datafield>
  <datafield tag="653" ind1=" " ind2=" ">
   <subfield code="a">Apicultura</subfield>
  </datafield>
  <datafield tag="653" ind1=" " ind2=" ">
   <subfield code="a">Agricultura</subfield>
  </datafield>
  <datafield tag="653" ind1=" " ind2=" ">
   <subfield code="a">Polinización-mecanismo</subfield>
  </datafield>
  <datafield tag="653" ind1=" " ind2=" ">
   <subfield code="a">Cultivos-polinización</subfield>
  </datafield>
  <datafield tag="859" ind1=" " ind2=" ">
   <subfield code="a">CEMS</subfield>
   <subfield code="b">BIB. CEMS - Agricultura</subfield>
   <subfield code="h">638.1</subfield>
   <subfield code="i">Or82</subfield>
   <subfield code="p">A1348.11</subfield>
   <subfield code="t">Ej.1</subfield>
  </datafield>
 </record>
</collection>
